000 00280nam a22001217a 4500
999 _c14073
_d14073
082 _a954
100 _aG. M. D. Sufi
245 _aKashir : Being A History of Kashmir
250 _aVol: I
260 _aLahore
_bUniversity of the Panjab
_c2005
300 _a350 pages
942 _cBK